Farmers and their aspirations: Influence of socio-economic status and work orientation (Record no. 22597)

MARC details
000 -LEADER
fixed length control field 00356nam a2200109Ia 4500
082 ## - DEWEY DECIMAL CLASSIFICATION NUMBER
Classification number 338.43.01
Item number MUT
100 ## - MAIN ENTRY--AUTHOR NAME
Personal name Muthayya, B C
245 #0 - TITLE STATEMENT
Title Farmers and their aspirations: Influence of socio-economic status and work orientation
260 ## - PUBLICATION, DISTRIBUTION, ETC. (IMPRINT)
Place of publication Hyderabad
Name of publisher National Inst of Community Devt
Year of publication 1971
942 ## - ADDED ENTRY ELEMENTS (KOHA)
Koha item type Books
Holdings
Withdrawn status Lost status Damaged status Not for loan Home library Current library Date acquired Cost, normal purchase price Full call number Accession Number Koha item type
        RRII Library RRII Library 16/12/2021 13.00 338.43.01 MUT 03317 Books